|
|
|
|
| LEADER |
00752nam a22002172a 4500 |
| 001 |
000174456 |
| 003 |
CZ BrMZK |
| 005 |
20031204083552.0 |
| 008 |
010907s1976 xr f cze d |
| 040 |
|
|
|a BOA001
|b cze
|c BOA001
|
| 100 |
1 |
|
|a Flegl, Michal,
|d 1940-2014
|7 jk01031389
|4 aut
|
| 245 |
1 |
0 |
|a Po stopách husitského revolučního hnutí v Praze /
|c Michal Flegl
|
| 250 |
|
|
|a 1. vyd.
|
| 260 |
|
|
|a Praha :
|b Státní nakladatelství technické literatury,
|c 1976
|
| 300 |
|
|
|a 32 s.
|
| 490 |
1 |
|
|a Pražská informační služba
|
| 504 |
|
|
|a Bibliografie na s. 32
|
| 830 |
|
0 |
|a Pražská informační služba
|
| 910 |
|
|
|a BOA001
|b X2-0768.179
|
| 990 |
|
|
|a BK
|
| 996 |
6 |
|
|b 2619948738
|c X2-0768.179
|l MZK
|r Sklad / do 24 hodin
|n 7
|w 000174456
|u 000010
|a 1
|e BOA001
|j MZK50
|s P
|